80 años Academia Politécnica Militar del Ejercito de Chile

Kaydedildi:
Detaylı Bibliyografya
Yazar: Walter Romero, Alfonso (Yazar)
Materyal Türü: Kitap
Dil:İspanyolca
Baskı/Yayın Bilgisi: Santiago Academia Politécnica Militar del Ejercito de Chile 2006
Konular:
Etiketler: Etiketle
Etiket eklenmemiş, İlk siz ekleyin!

MARC

LEADER 00000nam a2200000 a 4500
001 UCH3621
003 CL-VaPUC
008 090813e20060000CL |||||||||||||||||spa|d
082 0 4 |a 355.007  |b WAL  |2 21 
100 0 |a Walter Romero, Alfonso  |e author  |9 539079 
245 1 0 |a 80 años Academia Politécnica Militar del Ejercito de Chile 
300 |a 238 p 
942 |c BK 
945 |d 20090813 00:00:00  |a rbrito 
260 |a Santiago  |b Academia Politécnica Militar del Ejercito de Chile  |c 2006 
600 0 7 |a EJERCITO DE CHILE  |2 CL-VaPUC  |9 404556 
650 0 |a Historia de Chile  |9 265473 
650 0 |a Militares   |9 336881 
651 7 |a CHILE  |2 CL-VaPUC  |9 539080 
583 |a last modification  |c 20090813 00:00:00  |k Rodrigo Vera 
999 |c 335104  |d 335102 
952 |0 0  |1 0  |4 0  |6 355_007000000000000_WAL_2006  |7 0  |8 X  |9 424682  |a FDOBUD  |b FDOBUD  |d 2019-11-22  |i 4587375  |o 355.007 WAL 2006  |p 4587375  |r 2019-11-22  |w 2019-11-22  |y BK_X  |k BUD